000090414 001__ 90414
000090414 005__ 20200717113355.0
000090414 037__ $$aTAZ-TFG-2017-582
000090414 041__ $$aspa
000090414 1001_ $$aTanase, Cristina
000090414 24200 $$aHealth Education Program for Teenagers on the Topic of Gender Violence
000090414 24500 $$aPrograma de educación para la salud sobre la violencia de género dirigido al colectivo adolescente
000090414 260__ $$aZaragoza$$bUniversidad de Zaragoza$$c2017
000090414 506__ $$aby-nc-sa$$bCreative Commons$$c3.0$$uhttp://creativecommons.org/licenses/by-nc-sa/3.0/
000090414 520__ $$aIntroducción: la violencia de género es un problema de salud pública que está presente en todas las culturas y países del mundo, indiferentemente del estatus social, nivel de estudios o religión. Actualmente, este tipo de violencia afecta cada vez más al colectivo adolescente, y las creencias erróneas sobre este tema constituyen un impedimento para su comprensión y suponen un factor de riesgo para su tolerancia. Las consecuencias negativas que acarrea sobre la salud de las víctimas una vez instaurada, hacen necesaria una actuación temprana con el fin de erradicar este problema.  Objetivo principal: diseñar un programa de educación para la salud dirigido a adolescentes para la prevención de violencia de género en Zaragoza.  Metodología: se ha  realizado una búsqueda bibliográfica en diferentes fuentes de información: bases de datos y páginas web. Los artículos seleccionados han sido publicados entre 2008-2017.  Conclusión: la repercusión de la violencia de género en la salud y en la calidad de vida de las mujeres que lo padecen, hace necesario, por parte del colectivo enfermero,  una prevención primaria mediante la educación para la salud, con el fin de reducir este problema.<br />
000090414 521__ $$aGraduado en Enfermería
000090414 540__ $$aDerechos regulados por licencia Creative Commons
000090414 6531_ $$aViolencia de género
000090414 6531_ $$aPrevención
000090414 6531_ $$aAdolescencia
000090414 6531_ $$aAdolescentes
000090414 6531_ $$aEnfermería
000090414 6531_ $$aSalud
000090414 700__ $$aSesé Sánchez, María Ascensión$$edir.
000090414 7102_ $$aUniversidad de Zaragoza$$bFisiatría y Enfermería$$cEnfermería
000090414 8560_ $$f680044@celes.unizar.es
000090414 8564_ $$s1242614$$uhttps://zaguan.unizar.es/record/90414/files/TAZ-TFG-2017-582.pdf$$yMemoria (spa)
000090414 909CO $$ooai:zaguan.unizar.es:90414$$pdriver$$ptrabajos-fin-grado
000090414 950__ $$a
000090414 951__ $$adeposita:2020-07-17
000090414 980__ $$aTAZ$$bTFG$$cEUCS